Test it fix it: Inter English verb and tense

Saved in:
Bibliographic Details
Format: Book
Tags: Add Tag
No Tags, Be the first to tag this record!
Institutions: Mạng thư viện Đại học Đà Nẵng
LEADER 00429nam a22001691a 4500
001 000037441
003 13736
005 20160412020344.0
008 160412s0 000
082 |a 4A(07)593 
245 |a Test it fix it: Inter English verb and tense  |c Kenna Bourk 
OWN |a LNN 
999 |a From the UDN01 
TYP |a Monograph 
980 |a Mạng thư viện Đại học Đà Nẵng